The crucifixion : (Record no. 9351)

MARC details
000 -LEADER
fixed length control field 03669cam a2200397 i 4500
001 - CONTROL NUMBER
control field 906294545
003 - CONTROL NUMBER IDENTIFIER
control field OCoLC
005 - DATE AND TIME OF LATEST TRANSACTION
control field 20241126110710.0
008 - FIXED-LENGTH DATA ELEMENTS--GENERAL INFORMATION
fixed length control field 150313s2015 miu b 001 0 eng
010 ## -
-- 2015010111
020 ## - INTERNATIONAL STANDARD BOOK NUMBER
International Standard Book Number 9780802875341 (paperback)
020 ## - INTERNATIONAL STANDARD BOOK NUMBER
International Standard Book Number 0802875343 (paperback)
020 ## - INTERNATIONAL STANDARD BOOK NUMBER
International Standard Book Number 9780802847324
Qualifying information (cloth ;
-- alk. paper)
020 ## - INTERNATIONAL STANDARD BOOK NUMBER
International Standard Book Number 0802847323
Qualifying information (cloth ;
-- alk. paper)
024 8# -
-- 99968158604
035 ## - SYSTEM CONTROL NUMBER
System control number (OCoLC)906294545
Canceled/invalid control number (OCoLC)904456648
040 ## - CATALOGING SOURCE
Original cataloging agency DLC
Language of cataloging eng
Description conventions rda
Transcribing agency DLC
Modifying agency YDX
-- BTCTA
-- YDXCP
-- BDX
-- OCLCF
-- ILC
-- WIO
-- CDX
-- CNTCS
-- XII
-- S3O
-- NZABT
-- OCLCQ
-- ORU
-- CHVBK
-- OCLCO
-- DHA
-- OCLCQ
-- WLU
-- SGB
-- BLC
042 ## -
-- pcc
050 00 -
-- BT450
-- .R88 2015
082 00 - DEWEY DECIMAL CLASSIFICATION NUMBER
Classification number 232.963
Edition information 23
Item number RUT
100 1# - MAIN ENTRY--PERSONAL NAME
Personal name Rutledge, Fleming,
Authority record control number or standard number https://id.loc.gov/authorities/names/n97855003
Relator term author.
9 (RLIN) 16294
245 14 - TITLE STATEMENT
Title The crucifixion :
Remainder of title understanding the death of Jesus Christ /
Statement of responsibility, etc. Fleming Rutledge.
264 #1 - PRODUCTION, PUBLICATION, DISTRIBUTION, MANUFACTURE, AND COPYRIGHT NOTICE
Place of production, publication, distribution, manufacture Grand Rapids, Michigan :
Name of producer, publisher, distributor, manufacturer Eerdmans Publishing Company,
Date of production, publication, distribution, manufacture, or copyright notice 2015.
300 ## - PHYSICAL DESCRIPTION
Extent xxv, 669 pages ;
Dimensions 24 cm
336 ## - CONTENT TYPE
Content type term text
Content type code txt
Source rdacontent
337 ## - MEDIA TYPE
Media type term unmediated
Media type code n
Source rdamedia
338 ## - CARRIER TYPE
Carrier type term volume
Carrier type code nc
Source rdacarrier
504 ## - BIBLIOGRAPHY, ETC. NOTE
Bibliography, etc. note Includes bibliographical references (pages 613-635) and indexes.
505 00 - FORMATTED CONTENTS NOTE
Miscellaneous information Introduction --
-- Part I, The Crucifixion:
Title The primacy of the Cross --
-- The godlessness of the Cross --
-- The question of justice --
-- Anselm reconsidered for our time --
-- The gravity of sin --
Miscellaneous information Part II, The Biblical motifs:
Title Motifs of the Crucifixion --
-- The Passover and the Exodus --
-- The blood sacrifice --
-- Ransom and redemption --
-- The Great Assize --
-- The apocalyptic war: Christus Victor --
-- The descent into hell --
-- The substitution --
Miscellaneous information Recapitulation --
-- Conclusion:
Title Condemned into redemption : the rectification of the ungodly.
520 ## - SUMMARY, ETC.
Summary, etc. Though the apostle Paul boldly proclaimed "Christ crucified" as the heart of the gospel, Fleming Rutledge notes that preaching about the cross of Christ is remarkably neglected in most churches today. In this book Rutledge addresses the issues and controversies that have caused pastors to speak of the cross only in the most general, bland terms, precluding a full understanding and embrace of the gospel by their congregations. Countering our contemporary tendency to bypass Jesus' crucifixion, Rutledge in these pages examines in depth all the various themes and motifs used by the New Testament evangelists and apostolic writers to explain the meaning of the cross of Christ. She mines the classical writings of the Church Fathers, the medieval scholastics, and the Reformers as well as more recent scholarship, while bringing them all into contemporary context. Widely known for her preaching, Rutledge seeks to encourage preachers, teachers, and anyone else interested in what Christians believe to be the central event of world history. - Publisher.
520 ## - SUMMARY, ETC.
Summary, etc. Few treatments of the death of Jesus Christ have made a point of accounting for the gruesome, degrading, public manner of his death by crucifixion, a mode of execution so loathsome that the ancient Romans never spoke of it in polite society. Rutledge probes all the various themes and motifs used by the New Testament evangelists and apostolic writers to explain the meaning of the cross of Christ. She shows how each of the biblical themes contributes to the whole, with the Christus Victor motif and the concept of substitution sharing pride of place along with Irenaeus's recapitulation model.
600 00 - SUBJECT ADDED ENTRY--PERSONAL NAME
Personal name Jesus Christ
General subdivision Crucifixion.
Authority record control number or standard number https://id.loc.gov/authorities/subjects/sh85070003
9 (RLIN) 330
650 #4 - SUBJECT ADDED ENTRY--TOPICAL TERM
Topical term or geographic name entry element Jesus Christ
General subdivision Crucifixion.
9 (RLIN) 330
650 #4 - SUBJECT ADDED ENTRY--TOPICAL TERM
Topical term or geographic name entry element Atonement.
9 (RLIN) 3383
942 ## - ADDED ENTRY ELEMENTS (KOHA)
Source of classification or shelving scheme Dewey Decimal Classification
Koha item type Books
Koha issues (borrowed), all copies 2
Holdings
Withdrawn status Lost status Source of classification or shelving scheme Damaged status Not for loan Home library Current Library Shelving location Date acquired Total checkouts Full call number Barcode Date last seen Date last checked out Copy number Price effective from Koha item type
    Dewey Decimal Classification     GRACE BIBLE COLLEGE GRACE BIBLE COLLEGE Theology 2022-11-07 3 232.963 RUT 015830 2026-01-30 2026-01-23 c.1 2022-11-07 Books
© Grace Bible College Library 2025